| 000 | 01121nam a2200241 i 4500 | ||
|---|---|---|---|
| 001 | 158225 | ||
| 003 | ES-MaACL | ||
| 005 | 20250824085051.0 | ||
| 008 | 980729s1891 sp |||| |cspa d | ||
| 100 | 1 |
_aLuna, Álvaro de, _dca. 1381-1453 _974750 |
|
| 245 | 1 | 0 |
_aLibro de las virtuosas e claras mujeres / _cel qual fizo e compuso el condestable Don Álvaro de Luna ; dalo a luz la Sociedad de Bibliófilos Españoles ; [advertencia preliminar de D. Marcelino Menéndez y Pelayo]. |
| 260 |
_aMadrid : _bSociedad de Bibliófilos Españoles, _c1891. |
||
| 300 |
_aXII, 370 p. ; _c23 cm. |
||
| 490 | 1 |
_aSociedad de Bibliófilos Españoles ; _v28 |
|
| 530 | _aDisponible en formato digital. | ||
| 650 |
_aMujeres- _xBiografías- _yHasta S.V. _9171472 |
||
| 700 | 1 |
_aMenéndez y Pelayo, Marcelino, _d1856-1912 _980332 |
|
| 710 | 2 |
_aSociedad de Bibliófilos Españoles. _96661 |
|
| 830 | 1 | 0 |
_aSociedad de Bibliófilos Españoles _v28 _9187662 |
| 852 |
_aES-MaACL _jJ-7(28) _z- Enc. hol. |
||
| 856 |
_uhttp://bdh-rd.bne.es/viewer.vm?id=0000232734&page=1 _zBiblioteca Digital Hispánica |
||
| 999 |
_c158225 _d158225 |
||